| 000 | 00709nam a2200229 u 4500 | ||
|---|---|---|---|
| 005 | 20240228064338.0 | ||
| 008 | 190508s2006 r 000 0 eng d | ||
| 020 | _a980395055X | ||
| 035 | _aUPN01000230406 | ||
| 049 | _aI | ||
| 050 | 4 |
_aPZ76.3 _bR6.37 |
|
| 100 | 1 |
_aRodríguez, Carmen Cecilia _940549 |
|
| 245 | 1 | 0 |
_aHistorias de animales / _cCarmen Cecilia Rodríguez ; il. René Murillo. |
| 260 |
_aColombia : _bEl Nacional, _c2006. |
||
| 300 |
_a24 p. : _bil. col. |
||
| 440 | 0 |
_aBrújula inicial. _pLiteratura infantil |
|
| 650 | 0 |
_aAnimales _vCuentos y leyendas _9234 |
|
| 650 | 4 |
_aLibros y lectura para niños _92290 |
|
| 700 | 1 |
_aMurillo, René, _eil. |
|
| 905 | _aInfantil | ||
| 999 |
_c202501 _d202501 |
||